| 000 | 00458nam a2200157Ia 4500 | ||
|---|---|---|---|
| 008 | 230312s9999||||xx |||||||||||||| ||und|| | ||
| 020 | _a0-470-47209-5 | ||
| 082 |
_a621.3 _bMOM-O |
||
| 100 | _aMomoh;James | ||
| 245 | 0 | _aOperation and Control of Electric Energy Processing Systems | |
| 260 |
_bWiley & Sons _aUSA _c2010 |
||
| 300 | _a185 | ||
| 546 | _aEng. | ||
| 650 |
_aEngineering _vOperation and Control of Electric Energy Processing Systems |
||
| 942 | _cBK | ||
| 999 |
_c7376 _d7376 |
||